| 000 | 01392nam a22001577a 4500 | ||
|---|---|---|---|
| 008 | 150115b xxu||||| |||| 00| 0 eng d | ||
| 020 | _a073127523 | ||
| 050 | _aKF6272.P75 | ||
| 100 | _aJones, Sally M. | ||
| 245 |
_aPrinciples of taxation: _bfor business and investment. / _cSally M. Jones |
||
| 260 |
_aNew York: _bMcGraw Hill, _c2007. |
||
| 300 |
_axxv, 545p.: _bill.; _c26cm. |
||
| 500 | _aIncludes index. | ||
| 505 | _aContent: Exploring the tax environment: Types of taxes and the jurisdictions that use them -- Tax policy issues: standards for a good tax -- Fundamentals of tax planning: Taxes as transaction costs -- Maxims of income tax planning -- The Measurement of taxable income: Taxable income from business operations -- Property acquisitions and cost recovery deductions -- Property dispositions -- Nontaxable exchanges -- The Taxation of business income: Sole proprietorships, LLCs, and S corporations -- The Corporate taxpayer -- The Choice of business entity -- Jurisdictional issues in business taxation -- The Individual taxpayer: The Individual tax formula -- Compensation and retirement planning -- Investmen and personal financial planning -- Tax consequences of personal activities -- The Tax compliance process: The Tax compliance process -- Appendix A: Present value of $1 -- Appendix B: Present value of annuity of $1 -- Appendix C: Tax research. | ||
| 942 |
_2lcc _cBK |
||
| 999 |
_c5289 _d12789 |
||